000
00300 a2200145 4500
001
167911
020
_a
040
_c
Magnum
100
_a
Toledo, Geraldo Luciano
240
1
0
_a
Estatistica basica
_l
por
245
1
0
_a
Estatistica basica
362
0
_a
1899
697
_a
ESTATISTICA
942
_c
BK
999
_c
167911
_d
167911